Получение многокомпонентных карбидов из оксидов металлов электродуговым методом; Перспективы развития фундаментальных наук; Т. 2 : Химия

Podrobná bibliografie
Parent link:Перспективы развития фундаментальных наук=Prospects of Fundamental Sciences Development: сборник научных трудов XIX Международной конференции студентов, аспирантов и молодых ученых, г. Томск, 26-29 апреля 2022 г./ Национальный исследовательский Томский политехнический университет (ТПУ) ; под ред. И. А. Курзиной, Г. А. Вороновой.— , 2022
Т. 2 : Химия.— 2022.— [C. 70-72]
Hlavní autor: Гумовская А. А. Арина Андреевна
Korporace: Национальный исследовательский Томский политехнический университет Инженерная школа энергетики Научно-образовательный центр И. Н. Бутакова (НОЦ И. Н. Бутакова), Национальный исследовательский Томский политехнический университет Инженерная школа энергетики Организационный отдел, Национальный исследовательский Томский политехнический университет Инженерная школа энергетики Отделение электроэнергетики и электротехники
Další autoři: Кокорина А. И. Александра Ивановна (научный руководитель), Кононенко П. Н., Пак А. Я. Александр Яковлевич
Shrnutí:Заглавие с экрана
In the present study, we describe the results of the synthesis of a solid solution of TiZrNbHfTaC5 multicomponent carbide using a direct current plasma arc discharge in open air. The implementation of the synthesis is possible due to the rapid generation of carbon monoxide. Powders of TiO2, ZrO2, Nb2O5, HfO2, and Ta2O5 metal oxides were taken as precursors.
Jazyk:ruština
Vydáno: 2022
Témata:
On-line přístup:http://earchive.tpu.ru/handle/11683/72940
Médium: Elektronický zdroj Kapitola
KOHA link:https://koha.lib.tpu.ru/cgi-bin/koha/opac-detail.pl?biblionumber=634736

MARC

LEADER 00000naa2a2200000 4500
001 634736
005 20241025154207.0
035 |a (RuTPU)RU\TPU\conf\36554 
035 |a RU\TPU\conf\36552 
090 |a 634736 
100 |a 20220831d2022 k y0rusy50 ca 
101 0 |a rus 
102 |a RU 
105 |a y z 100zy 
135 |a drcn ---uucaa 
181 0 |a i  
182 0 |a b 
200 1 |a Получение многокомпонентных карбидов из оксидов металлов электродуговым методом  |d Production of multicomponent carbides from metal oxides by electric ARC-discharge method  |f А. А. Гумовская, А. И. Кокорина, П. Н. Кононенко  |g науч. рук. А. Я. Пак 
203 |a Текст  |c электронный 
300 |a Заглавие с экрана 
320 |a [Библиогр.: с. 72 (9 назв.)] 
330 |a In the present study, we describe the results of the synthesis of a solid solution of TiZrNbHfTaC5 multicomponent carbide using a direct current plasma arc discharge in open air. The implementation of the synthesis is possible due to the rapid generation of carbon monoxide. Powders of TiO2, ZrO2, Nb2O5, HfO2, and Ta2O5 metal oxides were taken as precursors. 
338 |b Российский научный фонд  |d 21-79-10030 
461 1 |0 (RuTPU)RU\TPU\conf\36478  |t Перспективы развития фундаментальных наук  |l Prospects of Fundamental Sciences Development  |o сборник научных трудов XIX Международной конференции студентов, аспирантов и молодых ученых, г. Томск, 26-29 апреля 2022 г.  |o в 7 т.  |f Национальный исследовательский Томский политехнический университет (ТПУ) ; под ред. И. А. Курзиной, Г. А. Вороновой  |d 2022 
463 1 |0 (RuTPU)RU\TPU\conf\36550  |t Т. 2 : Химия  |v [C. 70-72]  |d 2022 
510 1 |a Production of multicomponent carbides from metal oxides by electric ARC-discharge method  |z eng 
610 1 |a электронный ресурс 
610 1 |a труды учёных ТПУ 
610 1 |a карбиды 
610 1 |a оксиды металлов 
610 1 |a безвакуумные методы 
610 1 |a электродуговые методы 
610 1 |a фазовый состав 
610 1 |a морфология частиц 
610 1 |a синтез 
700 1 |a Гумовская  |b А. А.  |c специалист в области электроэнергетики  |c инженер Томского политехнического университета  |f 1999-  |g Арина Андреевна  |y Томск  |3 (RuTPU)RU\TPU\pers\47034  |9 22628 
701 1 |a Кокорина  |b А. И.  |c физик  |c инженер-исследователь Томского политехнического университета  |f 2001-  |g Александра Ивановна  |y Томск  |3 (RuTPU)RU\TPU\pers\47297  |9 22877 
701 1 |a Кононенко  |b П. Н. 
702 1 |a Пак  |b А. Я.  |c специалист в области электротехники  |c начальник отдела Томского политехнического университета, кандидат технических наук  |f 1986-  |g Александр Яковлевич  |4 727 
712 0 2 |a Национальный исследовательский Томский политехнический университет  |b Инженерная школа энергетики  |b Научно-образовательный центр И. Н. Бутакова (НОЦ И. Н. Бутакова)  |3 (RuTPU)RU\TPU\col\23504 
712 0 2 |a Национальный исследовательский Томский политехнический университет  |b Инженерная школа энергетики  |b Организационный отдел  |3 (RuTPU)RU\TPU\col\23585 
712 0 2 |a Национальный исследовательский Томский политехнический университет  |b Инженерная школа энергетики  |b Отделение электроэнергетики и электротехники  |3 (RuTPU)RU\TPU\col\23505 
801 2 |a RU  |b 63413507  |c 20220908  |g RCR 
856 4 |u http://earchive.tpu.ru/handle/11683/72940 
942 |c BK